000 00588nam a2200217 i 4500
001 C2-0087181
003 PPAK
005 20180727091257.0
008 970505s1969 si |||| ||||| | may d
040 _aPPAK
_beng
_cPPAK
_erda
082 0 4 _a895.1
_223
090 0 0 _a895.1
_bKES
_dKIH
245 0 0 _aKesusasteraan Nanyang = Nanyang literature
264 1 _aSingapore :
_bNanyang University ,
_c[1969]
300 _a92 pages ;
_c21 cm
336 _2rdacontent
_atext
337 _2rdamedia
_aunmediated
338 _2rdacarrier
_avolume
650 1 0 _aChinese literature
942 _ddc
_cB
999 _c18018
_d18018